Quizzes
Events
Quiz Creation
Community
Videos
Private Events
Remove Ads
Sign In
Join for FREE
Feedback
Dark Mode
Quiz Categories
Sports
Geography
Music
Movies
Television
Just For Fun
Miscellaneous
History
Literature
Language
Science
Gaming
Entertainment
Religion
Holiday
For Kids
Quiz Lab
Recent
Popular Today
Quiz Kudos Today
Editor Picks
Curator Picks
Quizzes by...
Day
Popularity
Type
Ratings
Length
Year
Community
Subscriptions
Recent Discussions
Orange Saloon
Badges
Playlists
Quests
Create
Leaderboards
Showdown
Live 5
Trivia Bingo
Activity
Puzzle Library
Sporcle Events
Private Events
Virtual Trivia
Globe League
Become a Host
Pub Owners
SporcleCon
Opinionation
Our Games
Videos
Blog
Mobile Apps
Partnerships
Remove Ads and Go Orange
Feedback
Sports
Athletes
MLB
NBA
NHL
NFL
Soccer
Sports Teams
WWE
NCAA
Football
Premier League
Basketball
Baseball
Hockey
Golf
Tennis
Cricket
Rugby
Auto Racing
Olympics
World Cup
Sports
Athletes
MLB
NBA
NHL
NFL
Soccer
Sports Teams
WWE
NCAA
Football
Premier League
Basketball
Baseball
Hockey
Golf
Tennis
Cricket
Rugby
Auto Racing
Olympics
World Cup
Random Quiz
Search Sporcle
×
Curator Pick
Curator Pick
Sports
Premier League
Type in answers that appear in a list
Type in answers that appear in a list
Classic
Best Score? Go Orange.
Euro 2016 Premier League Players Stats
Can you name the Euro 2016 Premier League Players?
By
krydd
10m
103 Questions
7,999 Plays
7,999 Plays
7,999 Plays
Comments
Comments
Give Quiz Kudos
Give Quiz Kudos
-
- Ratings
hide this ad
Replay
Link that replays current quiz
Next Quiz
Link to next quiz in quiz playlist
You Got
0%
They Got
Avg Score
58%
Avg Friend Score
Upgrade to see
Score Distribution
Jump to the score distribution portion of the page
Score
0/103
Timer
10:00
0
Plays Today
Country
Player name
% Correct
England
Harry Kane
89.4%
Belgium
Eden Hazard
88.3%
England
Jamie Vardy
86%
England
Wayne Rooney
85.6%
Czech Republic
Petr Cech
82%
Belgium
Romelu Lukaku
81.4%
England
Dele Alli
81.3%
Belgium
Marouane Fellaini
79.8%
England
Joe Hart
79.6%
England
Kyle Walker
79.5%
England
Gary Cahill
79.4%
Belgium
Kevin De Bruyne
79.2%
Belgium
Jan Vertonghen
79.1%
Austria
Christian Fuchs
78.6%
England
Jordan Henderson
78%
England
Danny Rose
77.8%
Czech Republic
Tomas Rosicky
77.7%
France
Dimitri Payet
77.7%
Austria
Marko Arnautovic
76.5%
England
Raheem Sterling
76.5%
England
Eric Dier
76.4%
Germany
Mesut Özil
76.2%
France
N'Golo Kante
75.3%
England
Chris Smalling
75.1%
England
Daniel Sturridge
73.8%
Belgium
Christian Benteke
73.8%
England
Adam Lallana
73.5%
Belgium
Mousa Dembele
72.1%
England
Nathaniel Clyne
72%
Belgium
Toby Alderweireld
71.8%
France
Olivier Giroud
71.6%
England
Ross Barkley
71.5%
Belgium
Divock Origi
71.3%
England
John Stones
71%
England
Marcus Rashford
70.7%
Country
Player name
% Correct
Italy
Graziano Pelle
70.6%
Italy
Matteo Darmian
70.1%
France
Hugo Lloris
69.6%
Iceland
Gylfi Sigurðsson
68.4%
England
James Milner
68.3%
Germany
Emre Can
68.1%
France
Anthony Martial
68.1%
Spain
David Silva
68%
Germany
Bastian Schweinsteiger
67.3%
France
Moussa Sissoko
67.2%
England
Jack Wilshere
67.1%
Belgium
Thibaut Courtois
66.2%
Belgium
Simon Mignolet
66.1%
Wales
Aaron Ramsey
66.1%
Wales
Joe Allen
65.7%
France
Yohan Cabaye
65.6%
Spain
Cesc Fabregas
64.9%
France
Laurent Koscielny
64.8%
England
Fraser Forster
64.7%
France
Bacary Sagna
64.3%
England
Ryan Bertrand
63.7%
Slovakia
Martin Skrtel
59.9%
Spain
David de Gea
58.7%
Portugal
Jose Fonte
57.5%
Wales
Ashley Williams
56%
Wales
Jonathan Williams
55.8%
Northern Ireland
Jonny Evans
55.1%
Austria
Kevin Wimmer
54.6%
Switzerland
Xherdan Shaqiri
53.6%
Republic of Ireland
Seamus Coleman
53.1%
Spain
César Azpilicueta
52%
Republic of Ireland
Shane Long
51.5%
Spain
Hector Bellerin
50.4%
Wales
Ben Davies
49.9%
France
Eliaquim Mangala
49%
Country
Player name
% Correct
Sweden
Sebastian Larsson
47.8%
Spain
Pedro Rodriguez
47%
France
Morgan Schneiderlin
46.7%
Northern Ireland
Steven Davis
46.5%
Poland
Artur Boruc
45.6%
Republic of Ireland
Jonathan Walters
45.6%
Italy
Angelo Ogbonna
44.3%
Republic of Ireland
James McCarthy
44%
Portugal
Cedric Soares
42.4%
Republic of Ireland
John O'Shea
40.8%
Poland
Lukasz Fabianski
40.7%
Republic of Ireland
Wes Hoolahan
40.2%
Wales
James Collins
38%
Northern Ireland
Gareth McAuley
37.6%
Wales
Joe Ledley
37.2%
Sweden
Martin Olsson
37.2%
Northern Ireland
Paddy McNair
37%
Austria
Sebastian Prodl
36.9%
Wales
Andy King
36%
Republic of Ireland
Robbie Brady
35.8%
Republic of Ireland
Glenn Whelan
33.8%
Wales
Wayne Hennessey
30.5%
Wales
Danny Ward
30.4%
Republic of Ireland
Ciaran Clark
30.1%
Wales
Neil Taylor
29.6%
Switzerland
Valon Behrami
28.5%
Republic of Ireland
James McClean
26.6%
Republic of Ireland
Aiden McGeady
26.3%
Northern Ireland
Craig Cathcart
26.1%
Republic of Ireland
Darren Randolph
25.5%
Republic of Ireland
Shay Given
25.2%
Romania
Costel Pantilimon
22%
Wales
James Chester
20.9%
Quiz Playlist
Details
Report
Send in Message
Add To Playlist
Classic:
Type in answers that appear in a list
Last Updated: Feb 16, 2017
Curator Pick in
Premier League
Quiz Scoreboard
CHALLENGE
Sign Up to Join the Scoreboard
Show All
Scores
Hide
Comments
May contain spoilers
Recently Published
Presidents Visiting Landmarks
by Hejman
History
7m
An Introduction to Baseball
by treessimontrees
Sports
5m
Movies - When Are They Set?
by FPL_Elf
Movies
5m
More to Explore
Quiz From the Vault
Featured Blog Post
Where Did the Easter Bunny Come From?
hide this ad
You Might Also Like...
Tags
Country Quiz
Premier League Quiz
2016
club
Euro 2016
League
Player
Premier
Today's Top Quizzes in Sports
Browse Sports
hide this ad
Today's Top Quizzes in Premier League
Browse Premier League
Top Contributed Quizzes in Sports
1
Les meilleurs buteurs des matchs entre le PSG et l’OM
2
2022 World Cup Stars
3
FIFA Club World Cup Champions
4
Les entraîneurs de l'OM et du PSG au 21e siècle
5
Name the Premier League winners with different clubs
6
5-to-1: UK Sports Teams
7
La finale Lions - Afrique du Sud 2021
8
Criteria MLB: Left Handed Sluggers
9
AFC Teams Reveal (Wrong Answers Minefield)
10
England Test cricketers to play under Nasser Hussain
Explore More
Trending Topics
Kpop
Marvel
Anime
NBA
Disney
Crossword
Harry Potter
Pokémon
Soccer
Country
The Office
WWE
Puzzle
Song
NFL
hide this ad
More By:
krydd
Quiz
Plays
Rating
Category
Featured
Created
Euro 2016 Premier League Players
7,999
5.00
Sports
Jun 1, 2016
UEFA Champions League 2019-20 Teams
226
5.00
Sports
Aug 31, 2019
World Cup 2018 Teams
159
5.00
Sports
Dec 1, 2017
Premier League Goalscorers 2016-17
130
5.00
Sports
Aug 15, 2016
Icelandic football
111
Sports
Feb 5, 2014
Go to Creator's Profile
Score Distribution
Quiz Creator Spotlight
krydd
Follow
Send a Message
Quizzes Created
-
Created Quiz Play Count
-
More By This Creator
Popular Quizzes Today
1
Find the US States - No Outlines Minefield
2
Find the Countries of Europe - No Outlines Minefield
3
The Countries of the World
4
Find the US States
5
Popular People in 1961
6
US States
7
Risky Map Clicking: Biggest States A-Z
8
Movies - When Are They Set?
More Sports Quizzes
Super Bowl 50: Carolina vs Denver
Editor's Pick
Trending Quizzes
Risky Map Clicking: Least Populous States A-Z
1-10 Letter G Words
1-10 Letter F Words
Risky Map Clicking: Next State Alphabetically
Risky Map Clicking: Biggest States A-Z
Recently Updated
Leaping Animals
pecheneg
Reality TV Shows (A-Z)
bhenderson79
Rickey Henderson's Hall of Fame Teammates
pecheneg
Champions League XIs: Arsenal
pecheneg
Quick Pick: Celebrities in WWE's Hall of Fame
aduchscher
A-Z Keypad Blitz II
pecheneg
Multiple Oscar Actors
pecheneg
Mystery Phrase Blitz: Oscar 'Best Actors'
pecheneg
F. Scott Fitzgerald Novels
LTH
Pick 3 Villains
ddd62291
Trending Topics
NBA
Crossword
Harry Potter
Marvel
Disney
Kpop
Anime
Pokémon
The Office
Country
WWE
Song
Soccer
Puzzle
NFL
Your Account Isn't Verified!
In order to create a playlist on Sporcle, you need to verify the email address you used during registration. Go to your
Sporcle Settings
to finish the process.
Report this User
Report this user for behavior that violates our
Community Guidelines
.
Details:
Send Report
Go to the Sporcle.com Mobile Site →
Comments